Taylor Swift- Anti-Hero (All Lyrics) - Statistics

General Stats
  • This quiz has been taken 244 times
    235 since last reset
  • The average score is 270 of 333
Answer Stats
Lyrics % Correct
a
99%
(A
99%
I
99%
the
98%
The
98%
It
96%
it
96%
It's
95%
it's
95%
its
95%
me,
95%
me
95%
me)
95%
hi
94%
(Hi)
94%
be
93%
I'm
93%
(I'm
93%
problem,
93%
but
92%
(For
92%
for
92%
in
92%
anti-hero
91%
everybody
91%
Everybody
91%
(Everybody
91%
At
90%
at
90%
my
90%
never
90%
then
89%
agrees
88%
agrees,
88%
agrees)
88%
and
88%
And
88%
old
88%
have
87%
this
87%
time)
87%
dream
86%
always
85%
on
85%
from
83%
I'll
83%
up
83%
get
82%
older,
82%
rooting
82%
teatime,
82%
teatime
82%
(Teatime),
82%
you
82%
mirror
81%
must
81%
left
80%
where
80%
directly
79%
of
79%
sun,
79%
to
79%
wiser
79%
baby
78%
exhausting
78%
thing
77%
your
77%
all
76%
as
76%
just
76%
Midnights
76%
stare
76%
monster
75%
sexy
75%
afternoons
74%
hill
74%
some
74%
When
74%
will
74%
become
73%
is
73%
like
72%
Like
72%
They
72%
last
71%
screaming
71%
(Tale
70%
tale
70%
wake
70%
you're
70%
come
69%
dreaming
69%
hear
68%
not
68%
out,
68%
out
68%
own
68%
room
68%
money
67%
people
66%
should
66%
them
66%
there
66%
depression
65%
devices
65%
feel
65%
I've
65%
leaving
65%
She
65%
watch
65%
with
65%
day,
64%
One
64%
graveyard
63%
kills
63%
stand
63%
end
62%
got
62%
shift,
62%
tired
62%
daughter-in-law
61%
Too
61%
thinks
59%
us
59%
ghosted
58%
prices
58%
'Cause
57%
vices
57%
works
57%
big
56%
city
56%
crisis
56%
Hell"
56%
scheming
56%
hang
55%
Did
54%
favorite
54%
killed
54%
Sometimes,
54%
laughing
52%
"She's
52%
toward
52%
heart,
51%
kind
51%
slowly
51%
disguise
50%
narcissism
49%
through
49%
lurching
48%
altruism
47%
congressman?
47%
Pierced
47%
family
46%
lose
45%
meaning
45%
covert
44%
gathers
43%
life
43%
someone
42%
screams
40%
reads
39%
'round
39%
No matching quizzes found
Score Distribution
Percent of People with Each Score
Percentile by Number Answered
Your Score History
You have not taken this quiz since the last reset